[Event "C'Chartres Blitz Men"]
[Site "Europe-Echecs INT"]
[Date "2020.06.13"]
[Round "11"]
[White "Studer, Noel"]
[Black "Mamedov, Rauf"]
[Result "0-1"]
[WhiteTitle "GM"]
[BlackTitle "GM"]
[WhiteElo "2580"]
[BlackElo "2654"]
[WhiteFideId "1319620"]
[BlackFideId "13401653"]
[EventDate "2020.06.13"]

1. d4 d6 2. e4 g6 3. c4 Bg7 4. Nc3 Nf6 5. h3 O-O 6. Be3 Nc6 7. d5 Ne5 8. f4 Ned7
9. g4 c6 10. Nf3 cxd5 11. cxd5 b5 12. a3 Bb7 13. Nd4 Rc8 14. Bxb5 Rxc3 15. bxc3
Nxe4 16. Bc6 Nxc3 17. Qd3 Nxd5 18. Bxb7 Nxe3 19. Qxe3 Qb6 20. Rd1 Qxb7 21. O-O
Nb6 22. Qf3 d5 23. Qb3 Rc8 24. Rfe1 Rc4 25. Ne2 Qc6 26. Rc1 e6 27. f5 Bh6 28.
Rxc4 dxc4 29. Qg3 Bd2 30. Rd1 c3 31. f6 Nd7 32. g5 c2 33. Rc1 Bxc1 34. Nxc1 h5
35. Qd3 Qc5+ 36. Kf1 Qxg5 37. Qxd7 Qxc1+ 38. Ke2 Qh6 39. Qc8+ Kh7 40. Qxc2 Qf4
41. Qb2 Qh2+ 0-1

[Event "C'Chartres Blitz Men"]
[Site "Europe-Echecs INT"]
[Date "2020.06.13"]
[Round "11"]
[White "Maurizzi, Marc Andria"]
[Black "Bauer, Christian"]
[Result "0-1"]
[WhiteTitle "IM"]
[BlackTitle "GM"]
[WhiteElo "2433"]
[BlackElo "2623"]
[WhiteFideId "36083534"]
[BlackFideId "603767"]
[EventDate "2020.06.13"]

1. d4 e6 2. Nf3 c5 3. c3 Nc6 4. e4 d5 5. exd5 exd5 6. Be2 Nf6 7. O-O Bd6 8. dxc5
Bxc5 9. Nbd2 O-O 10. Nb3 Bb6 11. Bg5 Re8 12. Nbd4 h6 13. Bh4 g5 14. Bg3 Ne4 15.
Nxc6 bxc6 16. Nd4 Qf6 17. a4 Bf5 18. a5 Bxd4 19. cxd4 Nxg3 20. fxg3 Qe6 21. Bh5
Bg6 22. Bxg6 Qxg6 23. Rc1 Re6 24. Rc2 Rae8 25. Rcf2 R8e7 26. h3 Kg7 27. Qd2 Qe4
28. Kh2 Qe3 29. Qb4 h5 30. Rf3 Qe4 31. Rf5 Rg6 32. Re5 Rxe5 33. dxe5 Qxb4 0-1

[Event "C'Chartres Blitz Men"]
[Site "Europe-Echecs INT"]
[Date "2020.06.13"]
[Round "11"]
[White "Murzin, Volodar"]
[Black "Edouard, Romain"]
[Result "1-0"]
[WhiteTitle "IM"]
[BlackTitle "GM"]
[WhiteElo "2465"]
[BlackElo "2649"]
[WhiteFideId "44155573"]
[BlackFideId "633429"]
[EventDate "2020.06.13"]

1. e4 c5 2. Nf3 d6 3. Bb5+ Nd7 4. O-O a6 5. Bd3 Ngf6 6. c3 g6 7. Bc2 Bg7 8. d4
O-O 9. Qe2 e6 10. e5 dxe5 11. dxe5 Nd5 12. Re1 b5 13. a4 Bb7 14. Bg5 Qc7 15.
axb5 axb5 16. Rxa8 Rxa8 17. Na3 b4 18. Nb5 Qc6 19. c4 N5b6 20. Bf4 g5 21. Bg3 g4
22. Nh4 h5 23. Qd3 Kf8 24. b3 Ra2 25. Qd1 Bh6 26. Qb1 Rxc2 27. Qxc2 Bg5 28. Na7
Qc7 29. Qh7 Ba8 30. Nb5 Qc6 31. f3 Bd2 32. Rd1 Be3+ 33. Kf1 gxf3 34. Nxf3 Qe4
35. Qh8+ Ke7 36. Bh4+ f6 37. Bxf6+ Kf7 38. Qg7+ Ke8 39. Qe7# 1-0

[Event "C'Chartres Blitz Men"]
[Site "Europe-Echecs INT"]
[Date "2020.06.13"]
[Round "11"]
[White "Maghsoodloo, Parham"]
[Black "Stephan, Victor"]
[Result "1-0"]
[WhiteTitle "GM"]
[BlackTitle "IM"]
[WhiteElo "2676"]
[BlackElo "2439"]
[WhiteFideId "12539929"]
[BlackFideId "656666"]
[EventDate "2020.06.13"]

1. e4 c5 2. Nf3 d6 3. Nc3 Nf6 4. d4 cxd4 5. Nxd4 a6 6. h3 e6 7. g4 Be7 8. Bg2
O-O 9. O-O Nc6 10. Nde2 Qc7 11. a4 b6 12. Ng3 Bb7 13. g5 Nd7 14. f4 Rfe8 15. f5
Nde5 16. Nh5 Bf8 17. Ne2 Rad8 18. Nef4 d5 19. exd5 exf5 20. b3 Nb4 21. c4 b5 22.
cxb5 axb5 23. Be3 Nc2 24. Rc1 Nxe3 25. Rxc7 Nxd1 26. Rxd1 Ba6 27. Bf1 Rd6 28.
axb5 Bc8 29. Be2 Red8 30. Kg2 Nd7 31. Rdc1 Nb6 32. R1c6 Bb7 33. Rxb7 1-0

[Event "C'Chartres Blitz Men"]
[Site "Europe-Echecs INT"]
[Date "2020.06.13"]
[Round "11"]
[White "Dardha, Daniel"]
[Black "Medvegy, Zoltan"]
[Result "1-0"]
[WhiteTitle "IM"]
[BlackTitle "GM"]
[WhiteElo "2449"]
[BlackElo "2524"]
[WhiteFideId "240990"]
[BlackFideId "708402"]
[EventDate "2020.06.13"]

1. e4 e6 2. Qe2 c5 3. Nf3 Nc6 4. g3 g6 5. Bg2 Bg7 6. O-O Nge7 7. c3 d6 8. Rd1 e5
9. a3 O-O 10. b4 h6 11. bxc5 dxc5 12. c4 Bg4 13. Bb2 Qb6 14. d3 Rfd8 15. h3 Bxf3
16. Bxf3 Nd4 17. Bxd4 cxd4 18. Nd2 Qc7 19. h4 h5 20. Kg2 Bh6 21. Nb3 a5 22. Rab1
Nc6 23. Nc5 b6 24. Na4 Rab8 25. Rb3 Bf8 26. Rdb1 Bc5 27. Qb2 Qd6 28. Qa2 Ne7 29.
Rb5 Nc6 30. Nxb6 Bxa3 31. Nd5 Bb4 32. Bd1 Ra8 33. Ba4 Ne7 34. Rb6 1-0

[Event "C'Chartres Blitz Men"]
[Site "Europe-Echecs INT"]
[Date "2020.06.13"]
[Round "12"]
[White "Gukesh, D"]
[Black "Lagarde, Maxime"]
[Result "1-0"]
[WhiteTitle "GM"]
[BlackTitle "GM"]
[WhiteElo "2563"]
[BlackElo "2655"]
[WhiteFideId "46616543"]
[BlackFideId "662399"]
[EventDate "2020.06.13"]

1. e4 Nc6 2. Nc3 Nf6 3. Nf3 d6 4. d4 g6 5. h3 Bg7 6. Be2 O-O 7. O-O e5 8. dxe5
dxe5 9. Be3 Be6 10. Ng5 Nd4 11. Nxe6 Nxe6 12. Bc4 Qc8 13. Nd5 Re8 14. Nxf6+ Bxf6
15. Qf3 Bg7 16. Rad1 c6 17. Rd6 Bf8 18. Rd2 Qc7 19. Rfd1 Nd4 20. Bxd4 exd4 21.
Rxd4 Re7 22. Qg4 Rae8 23. Rd7 Qe5 24. c3 Kg7 25. Rxe7 Rxe7 26. Rd7 Rxd7 27. Qxd7
Qe7 28. Qd4+ Kg8 29. e5 b6 30. Qe4 c5 31. Qd5 Bg7 32. f4 g5 33. g3 gxf4 34. gxf4
Bh6 35. Qa8+ Kg7 36. Qg2+ Kf8 37. Qg4 Qb7 38. Qf5 Kg8 39. Kf2 Qe7 40. Kf3 Kg7
41. Bd3 Kf8 42. Qxh7 Qh4 43. Qf5 Qe1 44. Be2 Qh1+ 45. Kg3 Qe1+ 46. Kf3 Qh1+ 47.
Kg4 Qg2+ 48. Kh5 Bxf4 49. Bg4 Qf2 50. e6 Be3 51. Bf3 Ke7 52. Qxf7+ Kd6 53. e7
Bg5 54. e8=Q Qh4+ 55. Kg6 Qh6+ 56. Kf5 Bc1 57. Qc6# 1-0

[Event "C'Chartres Blitz Men"]
[Site "Europe-Echecs INT"]
[Date "2020.06.13"]
[Round "12"]
[White "Firouzja, Alireza"]
[Black "Keymer, Vincent"]
[Result "1/2-1/2"]
[WhiteTitle "GM"]
[BlackTitle "GM"]
[WhiteElo "2728"]
[BlackElo "2558"]
[WhiteFideId "12573981"]
[BlackFideId "12940690"]
[EventDate "2020.06.13"]

1. d4 Nf6 2. Nf3 d5 3. Bg5 e6 4. Nbd2 c5 5. e3 Nc6 6. c3 h6 7. Bh4 Be7 8. Bxf6
gxf6 9. dxc5 Bxc5 10. Bd3 Ne5 11. Be2 Bd7 12. O-O Bc6 13. b4 Be7 14. Nd4 f5 15.
Bh5 Bd7 16. f4 Nc6 17. N2f3 Bf6 18. a3 Qe7 19. Rc1 O-O-O 20. b5 Nxd4 21. cxd4+
Kb8 22. a4 Rc8 23. Qb3 Rxc1 24. Rxc1 Rc8 25. Rxc8+ Bxc8 26. Qc3 Bd7 27. g3 Be8
28. Ne5 Qc7 29. Qxc7+ Kxc7 30. Bxf7 Bxe5 31. Bxe8 Bd6 32. Kf2 Bb4 33. h3 Kd6 34.
Bf7 Ke7 35. Bg8 h5 36. Kf3 Bd2 37. Ke2 Bc1 38. a5 b6 39. a6 Kf6 40. Kd3 Ba3 41.
Kd2 Bb4+ 42. Ke2 Ba3 43. Kf2 Bb4 44. g4 fxg4 45. hxg4 hxg4 46. Bh7 Bd2 47. Bd3
g3+ 48. Kxg3 Bxe3 49. Kf3 Bxd4 50. Kg4 Ke7 51. Kf3 Kd6 52. Kg4 Bf6 53. Kh5 Ke7
54. Kg6 Bc3 55. Bf1 Bd2 56. f5 Bc3 57. Bh3 exf5 58. Kxf5 Kd6 59. Bf1 Kc5 60. Ke6
Bd2 61. Kd7 Bf4 62. Kc8 Kd6 63. Kb7 d4 64. Bd3 Be5 65. Be2 Bf4 66. Bd3 Be5 67.
Bf5 Bf4 68. Kxa7 Kc7 69. Ka8 Be5 70. a7 Bf4 71. Bd3 Be5 72. Bf5 Bf4 73. Bd3 Be5
74. Bf5 1/2-1/2

[Event "C'Chartres Blitz Men"]
[Site "Europe-Echecs INT"]
[Date "2020.06.13"]
[Round "12"]
[White "Mamedov, Rauf"]
[Black "Guliyev, Namig"]
[Result "1-0"]
[WhiteTitle "GM"]
[BlackTitle "GM"]
[WhiteElo "2654"]
[BlackElo "2529"]
[WhiteFideId "13401653"]
[BlackFideId "13400363"]
[EventDate "2020.06.13"]

1. e4 e5 2. Bc4 Nf6 3. d3 Nc6 4. Nf3 Bc5 5. c3 d6 6. Nbd2 a6 7. Bb3 Be6 8. h3
O-O 9. Nf1 Ba7 10. Ng3 Bxb3 11. axb3 h6 12. O-O d5 13. Qe2 Re8 14. b4 Qd7 15.
Nh2 Rad8 16. Qf3 dxe4 17. dxe4 Qe6 18. Nf5 Bb6 19. Bxh6 gxh6 20. Qg3+ 1-0

[Event "C'Chartres Blitz Men"]
[Site "Europe-Echecs INT"]
[Date "2020.06.13"]
[Round "12"]
[White "Bauer, Christian"]
[Black "Studer, Noel"]
[Result "1-0"]
[WhiteTitle "GM"]
[BlackTitle "GM"]
[WhiteElo "2623"]
[BlackElo "2580"]
[WhiteFideId "603767"]
[BlackFideId "1319620"]
[EventDate "2020.06.13"]

1. e4 c5 2. Na3 Nc6 3. Bb5 e6 4. Bxc6 bxc6 5. d3 d5 6. Nf3 c4 7. dxc4 Bxa3 8.
bxa3 dxe4 9. Qxd8+ Kxd8 10. Ng5 Ke7 11. Nxe4 Nf6 12. Bg5 Ba6 13. c5 Rab8 14.
O-O-O Bc4 15. Nd6 Bxa2 16. Rhe1 Rhd8 17. Rd4 Rb1+ 18. Kd2 Rxe1 19. Kxe1 Bd5 20.
f3 e5 21. Ra4 Rd7 22. Nc8+ Kd8 23. Nd6 Be6 24. Ra6 Rc7 25. Ne4 Ke7 26. Nd6 Kd7
27. Bxf6 gxf6 28. c4 f5 29. Kd2 Ke7 30. Ke3 Kf6 31. g3 Kg6 32. f4 f6 33. Ne8 Rc8
34. Nd6 Rc7 35. Kf3 Bd7 36. h3 Kg7 37. Ke3 Kf8 38. h4 Ke7 39. Ra4 Be6 40. Rb4
Rd7 41. Rb8 Rd8 42. Rb7+ Rd7 43. Rb4 Kd8 44. Rb8+ Ke7 45. Re8# 1-0

[Event "C'Chartres Blitz Men"]
[Site "Europe-Echecs INT"]
[Date "2020.06.13"]
[Round "12"]
[White "Dardha, Daniel"]
[Black "Maurizzi, Marc Andria"]
[Result "0-1"]
[WhiteTitle "IM"]
[BlackTitle "IM"]
[WhiteElo "2449"]
[BlackElo "2433"]
[WhiteFideId "240990"]
[BlackFideId "36083534"]
[EventDate "2020.06.13"]

1. Nf3 d5 2. c4 d4 3. b4 g5 4. Qb3 Bg7 5. Nxg5 e5 6. Qg3 Ne7 7. d3 Nbc6 8. a3
Bf5 9. Ne6 Bxe6 10. Qxg7 Ng6 11. Qh6 Qe7 12. g3 e4 13. dxe4 Bxc4 14. Bg2 d3 15.
Nd2 Nd4 16. Nxc4 Nc2+ 17. Kd2 Nxa1 18. exd3 Nb3+ 19. Kc2 Nxc1 20. Rxc1 O-O-O 21.
Qe3 Kb8 22. d4 Nf8 23. d5 Nd7 24. f4 Nb6 25. Nxb6 axb6 26. Qc3 f6 27. Kb3 h5 28.
a4 h4 29. g4 h3 30. Bf3 Rhe8 31. Re1 Qf7 32. Kb2 Qf8 33. Bh1 Qh6 34. Qg3 Qf8 35.
Qc3 Qh6 36. Qg3 Rg8 37. Rc1 Rge8 38. Qf3 Qf8 39. Kb3 Qd6 40. Rc3 Re7 41. Rc4
Rde8 42. Qf2 Rg7 43. Qf3 Qd7 44. e5 fxe5 45. f5 e4 46. Qxh3 e3 47. Rc1 e2 48.
Re1 Rge7 49. Qg2 Re3+ 50. Kb2 Qxa4 51. d6 Qb3+ 52. Ka1 Qa3+ 53. Kb1 Rb3+ 0-1

[Event "C'Chartres Blitz Men"]
[Site "Europe-Echecs INT"]
[Date "2020.06.13"]
[Round "12"]
[White "Edouard, Romain"]
[Black "Maghsoodloo, Parham"]
[Result "0-1"]
[WhiteTitle "GM"]
[BlackTitle "GM"]
[WhiteElo "2649"]
[BlackElo "2676"]
[WhiteFideId "633429"]
[BlackFideId "12539929"]
[EventDate "2020.06.13"]

1. d4 Nf6 2. c4 e6 3. Nc3 Bb4 4. Nf3 d5 5. cxd5 exd5 6. Bg5 h6 7. Bh4 O-O 8. e3
Bf5 9. Ne5 c5 10. Bd3 Bxd3 11. Nxd3 Bxc3+ 12. bxc3 c4 13. Bxf6 Qxf6 14. Nf4 Rd8
15. a4 Nc6 16. a5 a6 17. O-O Na7 18. Qf3 Nb5 19. Rac1 Rd6 20. Qg3 Rad8 21. f3
Qf5 22. Rfe1 Re8 23. h3 Qg5 24. Qxg5 hxg5 25. Nh5 Rde6 26. Kf2 f5 27. g4 Rh6 28.
Kg2 Kf7 29. Ng3 f4 30. Nf1 Rhe6 31. Kf2 R8e7 32. exf4 Rxe1 33. Rxe1 gxf4 34. Rc1
g5 35. Rc2 Ke8 36. Rc1 Kd7 37. Rc2 Kc6 38. Rc1 b6 39. axb6 Kxb6 40. Rb1 a5 0-1

[Event "C'Chartres Blitz Men"]
[Site "Europe-Echecs INT"]
[Date "2020.06.13"]
[Round "12"]
[White "Medvegy, Zoltan"]
[Black "Stephan, Victor"]
[Result "0-1"]
[WhiteTitle "GM"]
[BlackTitle "IM"]
[WhiteElo "2524"]
[BlackElo "2439"]
[WhiteFideId "708402"]
[BlackFideId "656666"]
[EventDate "2020.06.13"]

1. c4 e5 2. Nc3 Nf6 3. Nf3 Nc6 4. e3 Bb4 5. Qc2 Bxc3 6. Qxc3 Qe7 7. Be2 d5 8. d4
exd4 9. Nxd4 Nxd4 10. Qxd4 c5 11. Qc3 Be6 12. cxd5 Bxd5 13. Bb5+ Bc6 14. Bxc6+
bxc6 15. b3 O-O 16. Ba3 Ne4 17. Qc2 Rad8 18. f3 Qg5 19. fxe4 Qxe3+ 20. Qe2 Qc3+
21. Kf2 Rd2 22. Rae1 Rfd8 23. Bc1 Qf6+ 24. Kg3 Qg5+ 25. Kh3 Qh6+ 26. Kg4 Qg6+ 0-1

[Event "C'Chartres Blitz Men"]
[Site "Europe-Echecs INT"]
[Date "2020.06.13"]
[Round "13"]
[White "Maghsoodloo, Parham"]
[Black "Ivanchuk, Vasyl"]
[Result "1/2-1/2"]
[WhiteTitle "GM"]
[BlackTitle "GM"]
[WhiteElo "2676"]
[BlackElo "2678"]
[WhiteFideId "12539929"]
[BlackFideId "14100010"]
[EventDate "2020.06.13"]

1. e4 e5 2. Nf3 Nc6 3. Bb5 a6 4. Ba4 Nf6 5. O-O Be7 6. Re1 b5 7. Bb3 d6 8. c3
O-O 9. h3 Bb7 10. d4 Re8 11. Nbd2 Bf8 12. a3 h6 13. Bc2 Nb8 14. b3 Nbd7 15. Bb2
c6 16. c4 exd4 17. Nxd4 g6 18. a4 c5 19. N4f3 b4 20. Qb1 Bg7 21. Nf1 Qc7 22. Ng3
Re7 23. Bd3 Rae8 24. Qc2 Bc6 25. Re3 Qb7 26. Rae1 Ne5 27. Be2 h5 28. Nxe5 dxe5
29. f3 Nd7 30. Nf1 Nf8 31. Rd3 Ne6 32. Ne3 Nd4 33. Qd1 Rf8 34. Nd5 Re6 35. Bc1
f5 36. Bg5 f4 37. Rd2 Kh7 38. Bh4 Bh6 39. Bf2 a5 40. Bd3 Qa7 41. Bxd4 cxd4 42.
c5 Qxc5 43. Rc2 Qd6 44. Qe2 Bg5 45. Rec1 Bxd5 46. exd5 Ref6 47. Be4 d3 48. Qxd3
Qb6+ 49. Kh1 Bh4 50. Rc6 Qf2 51. d6 Rd8 52. d7 Rxc6 53. Bxc6 Qe3 54. Qd1 Bg3 55.
Bb5 Kh6 56. Rc8 Bh4 57. Rc6 Rxd7 58. Rxg6+ Kxg6 59. Bxd7 Qe1+ 60. Qxe1 Bxe1 1/2-1/2

[Event "C'Chartres Blitz Men"]
[Site "Europe-Echecs INT"]
[Date "2020.06.13"]
[Round "13"]
[White "Murzin, Volodar"]
[Black "Gukesh, D"]
[Result "1-0"]
[WhiteTitle "IM"]
[BlackTitle "GM"]
[WhiteElo "2465"]
[BlackElo "2563"]
[WhiteFideId "44155573"]
[BlackFideId "46616543"]
[EventDate "2020.06.13"]

1. e4 c5 2. Nf3 Nc6 3. Bb5 g6 4. Bxc6 dxc6 5. O-O Bg7 6. d3 Nf6 7. Nbd2 Nd7 8.
a4 e5 9. Nc4 O-O 10. a5 f6 11. Be3 Qe7 12. Re1 Rb8 13. b4 cxb4 14. Bxa7 Ra8 15.
Be3 c5 16. Qc1 Rd8 17. Nfd2 Nf8 18. Nb3 Ne6 19. Nb6 Ra6 20. Nd5 Qf8 21. c3 bxc3
22. Qxc3 Rc6 23. Rec1 Nd4 24. Bxd4 cxd4 25. Qb2 Be6 26. Nd2 Rxc1+ 27. Rxc1 Rd7
28. Qb6 Qf7 29. Nc7 Bg4 30. h3 Be2 31. Qxb7 Bxd3 32. a6 Bxa6 33. Qb8+ Bf8 34.
Nxa6 Qa2 35. Qb3+ Qxb3 36. Nxb3 Rb7 37. Nd2 Rb2 38. Rd1 Ra2 39. Nc7 Bb4 40. Nf3
Kf7 41. Kf1 Bd6 42. Nd5 h6 43. Nb6 Ke6 44. Nc4 Bc5 45. Ne1 Rc2 46. Nxc2 1-0

[Event "C'Chartres Blitz Men"]
[Site "Europe-Echecs INT"]
[Date "2020.06.13"]
[Round "13"]
[White "Lagarde, Maxime"]
[Black "Firouzja, Alireza"]
[Result "0-1"]
[WhiteTitle "GM"]
[BlackTitle "GM"]
[WhiteElo "2655"]
[BlackElo "2728"]
[WhiteFideId "662399"]
[BlackFideId "12573981"]
[EventDate "2020.06.13"]

1. e4 e6 2. d4 d5 3. e5 c5 4. c3 Nc6 5. Nf3 Qb6 6. Be2 cxd4 7. cxd4 Nge7 8. Na3
Nf5 9. Nc2 Bd7 10. O-O Rc8 11. h4 h5 12. a3 Be7 13. g3 Na5 14. Ne3 Nxe3 15. Bxe3
Nc4 16. b4 Nxe3 17. fxe3 O-O 18. Ng5 Bxg5 19. hxg5 Bb5 20. Bxb5 Qxb5 21. Qxh5
Qd3 22. Rae1 Rc2 23. Rf2 Rxf2 24. Kxf2 Rc8 25. Re2 Rc1 26. g6 fxg6 27. Qg4 Qf5+
28. Qxf5 gxf5 29. g4 fxg4 30. Kg3 Rc3 31. Kxg4 Rxa3 32. Kf4 Rb3 33. Rc2 Rxb4 34.
Rc8+ Kf7 35. Rc7+ Kg6 36. Re7 Rb6 37. e4 dxe4 38. Kxe4 a5 39. Re8 a4 40. Ra8 Ra6
41. Rb8 a3 0-1

[Event "C'Chartres Blitz Men"]
[Site "Europe-Echecs INT"]
[Date "2020.06.13"]
[Round "13"]
[White "Keymer, Vincent"]
[Black "Mamedov, Rauf"]
[Result "0-1"]
[WhiteTitle "GM"]
[BlackTitle "GM"]
[WhiteElo "2558"]
[BlackElo "2654"]
[WhiteFideId "12940690"]
[BlackFideId "13401653"]
[EventDate "2020.06.13"]

1. Nf3 c5 2. c4 g6 3. Nc3 Bg7 4. g3 Nc6 5. Bg2 e6 6. d4 cxd4 7. Nb5 d5 8. cxd5
exd5 9. O-O Nge7 10. Nbxd4 O-O 11. Bg5 h6 12. Bxe7 Qxe7 13. e3 Bg4 14. Qd2 Rfd8
15. Rfe1 Rac8 16. Rac1 Bxf3 17. Bxf3 Bxd4 18. exd4 Qf6 19. Bg2 Nxd4 20. Rxc8
Rxc8 21. Qxh6 Nf3+ 22. Bxf3 Qxf3 23. Qd2 Qf5 24. Qd4 b6 25. h4 Kh7 26. Rd1 Rc2
27. Rd2 Rxd2 28. Qxd2 Qb1+ 29. Kg2 Qxa2 30. Qf4 d4 31. Qxd4 Qe6 32. Kh2 a5 33.
g4 b5 34. h5 gxh5 35. gxh5 Qf5 36. Kg3 Qg5+ 37. Kf3 Qxh5+ 38. Ke3 b4 39. Qa7
Qe5+ 40. Kf3 Kg7 41. b3 Qc3+ 42. Kg2 Qc6+ 43. Kg1 Qd5 44. Qa6 Qxb3 45. Qxa5 Qb1+
46. Kg2 Qe4+ 47. Kf1 Kg6 48. Qb6+ f6 49. Qb8 Qc4+ 50. Kg1 b3 51. Qe8+ Kg5 52.
Qe3+ Kf5 53. Qf3+ Ke5 54. Qe3+ Kd5 55. Qf3+ Ke6 56. Qh3+ Ke7 57. Qh7+ Kd6 58.
Qb7 Qc1+ 59. Kg2 Qc6+ 0-1

[Event "C'Chartres Blitz Men"]
[Site "Europe-Echecs INT"]
[Date "2020.06.13"]
[Round "13"]
[White "Guliyev, Namig"]
[Black "Bauer, Christian"]
[Result "0-1"]
[WhiteTitle "GM"]
[BlackTitle "GM"]
[WhiteElo "2529"]
[BlackElo "2623"]
[WhiteFideId "13400363"]
[BlackFideId "603767"]
[EventDate "2020.06.13"]

1. e4 Nc6 2. Nf3 d6 3. Bb5 Nf6 4. Qe2 a6 5. Bxc6+ bxc6 6. e5 Nd5 7. h3 g6 8. d3
Bg7 9. O-O O-O 10. c4 Nb6 11. Nc3 c5 12. Bg5 Re8 13. Rad1 Bb7 14. e6 fxe6 15.
Qxe6+ Kh8 16. Rfe1 Bxf3 17. gxf3 Qd7 18. Kg2 Qxe6 19. Rxe6 Kg8 20. Rde1 Bxc3 21.
bxc3 Nc8 22. h4 Rb8 23. h5 Kf7 24. hxg6+ hxg6 25. R6e4 Rb2 26. Rf4+ Kg8 27. Re6
Kg7 28. Bh4 Rxa2 29. Rg4 Kf7 30. Rexg6 Rf8 31. f4 Ke8 32. Re6 Rd2 33. Re3 a5 34.
f5 Rxf5 35. Rg7 Rf7 36. Rg8+ Kd7 37. Bg3 a4 38. Rh8 a3 39. Rh1 a2 40. Ra1 e5 41.
Kh3 Ne7 42. Kg4 Nf5 43. Re4 Rxd3 44. Rxa2 Nxg3 45. fxg3 Rg7+ 46. Kf5 Rf3+ 0-1

[Event "C'Chartres Blitz Men"]
[Site "Europe-Echecs INT"]
[Date "2020.06.13"]
[Round "13"]
[White "Studer, Noel"]
[Black "Dardha, Daniel"]
[Result "1-0"]
[WhiteTitle "GM"]
[BlackTitle "IM"]
[WhiteElo "2580"]
[BlackElo "2449"]
[WhiteFideId "1319620"]
[BlackFideId "240990"]
[EventDate "2020.06.13"]

1. d4 Nf6 2. c4 e6 3. Nf3 Bb4+ 4. Nbd2 d5 5. Qa4+ Nc6 6. a3 Bd6 7. e3 O-O 8. b4
dxc4 9. Nxc4 Bd7 10. Qc2 a5 11. b5 Ne7 12. Nce5 c6 13. Qb1 Nfd5 14. Bd3 f5 15.
Bd2 Ng6 16. bxc6 Bxc6 17. Nxc6 bxc6 18. O-O Nh4 19. Nxh4 Bxh2+ 20. Kxh2 Qxh4+
21. Kg1 Rf6 22. f4 Rh6 23. Rf3 Qh2+ 24. Kf2 Nf6 25. Qg1 Ng4+ 26. Ke2 Qh5 27. Rh3
Qe8 28. Qc1 Rc8 29. Qc4 c5 30. d5 Kh8 31. Rah1 Rxh3 32. Rxh3 exd5 33. Qxd5 Rd8
34. Qxf5 Nf6 35. Rxh7+ Kg8 36. Bc4+ 1-0

[Event "C'Chartres Blitz Men"]
[Site "Europe-Echecs INT"]
[Date "2020.06.13"]
[Round "13"]
[White "Stephan, Victor"]
[Black "Edouard, Romain"]
[Result "1-0"]
[WhiteTitle "IM"]
[BlackTitle "GM"]
[WhiteElo "2439"]
[BlackElo "2649"]
[WhiteFideId "656666"]
[BlackFideId "633429"]
[EventDate "2020.06.13"]

1. d4 Nf6 2. c4 b6 3. f3 Bb7 4. e4 e6 5. Nc3 d5 6. e5 Nfd7 7. cxd5 exd5 8. f4 c5
9. Nf3 Be7 10. Be3 f5 11. Bd3 g6 12. O-O Nf8 13. dxc5 bxc5 14. Bb5+ Kf7 15. Bf2
Ne6 16. Qd2 d4 17. Ne2 Bd5 18. b4 a6 19. Ba4 Bc4 20. Rac1 Bxe2 21. Qxe2 Nxf4 22.
Qc4+ Kg7 23. bxc5 Nd7 24. e6 Nf6 25. Bxd4 Nh5 26. Rfd1 Qc7 27. Be5 Qa5 28. Rd7
Rhe8 29. Bc7 1-0

[Event "C'Chartres Blitz Men"]
[Site "Europe-Echecs INT"]
[Date "2020.06.13"]
[Round "13"]
[White "Maurizzi, Marc Andria"]
[Black "Medvegy, Zoltan"]
[Result "0-1"]
[WhiteTitle "IM"]
[BlackTitle "GM"]
[WhiteElo "2433"]
[BlackElo "2524"]
[WhiteFideId "36083534"]
[BlackFideId "708402"]
[EventDate "2020.06.13"]

1. d4 e6 2. Nf3 Nf6 3. Bf4 c5 4. e3 Be7 5. Nbd2 b6 6. Bd3 Ba6 7. Bxa6 Nxa6 8.
O-O O-O 9. c3 cxd4 10. exd4 d6 11. Re1 Qd7 12. a4 Qb7 13. a5 b5 14. Ng5 Nc7 15.
Nge4 Rfd8 16. Nxf6+ Bxf6 17. Ne4 Be7 18. Qh5 Nd5 19. Bg5 Bxg5 20. Nxg5 h6 21.
Ne4 Rac8 22. Rac1 Qa6 23. b4 Rc6 24. Qf3 Qc8 25. Qd3 a6 26. Qd2 Qc7 27. g4 Rc8
28. g5 Nxc3 29. Rxc3 Rxc3 30. gxh6 Rc1 31. Qg5 Rxe1+ 32. Kg2 Rg1+ 33. Kxg1 Qc1+ 0-1

[Event "C'Chartres Blitz Men"]
[Site "Europe-Echecs INT"]
[Date "2020.06.13"]
[Round "14"]
[White "Gukesh, D"]
[Black "Maghsoodloo, Parham"]
[Result "1-0"]
[WhiteTitle "GM"]
[BlackTitle "GM"]
[WhiteElo "2563"]
[BlackElo "2676"]
[WhiteFideId "46616543"]
[BlackFideId "12539929"]
[EventDate "2020.06.13"]

1. e4 e6 2. d4 d5 3. Nc3 Bb4 4. e5 Qd7 5. Ne2 b6 6. a3 Bf8 7. h4 Ba6 8. h5 c5 9.
h6 Nxh6 10. Bxh6 gxh6 11. Nf4 Bxf1 12. Kxf1 Nc6 13. Nce2 cxd4 14. Nxd4 Nxe5 15.
Qe2 Bd6 16. Rxh6 O-O-O 17. a4 Nc4 18. Nd3 e5 19. Nb5 Bf8 20. Rc6+ Kb8 21. Nxe5
Qe8 22. Rxc4 dxc4 23. Qe4 Rd6 24. Qf4 a6 25. Nxc4 axb5 26. Nxd6 Bxd6 27. Qxd6+
Kb7 28. Re1 Qd8 29. Re7+ Ka6 30. axb5+ Kxb5 31. Re5+ Ka6 32. Qa3+ Kb7 33. Re7+
Kc6 34. Qc3+ Kb5 35. Re5+ Ka6 36. Qc4+ Kb7 37. Qxf7+ Kb8 38. Rd5 Qh4 39. Rd7 Qe4
40. Qf6 Kc8 41. Re7 Qc4+ 42. Kg1 Rd8 43. Qf5+ Kb8 44. Qe5+ Kc8 45. g3 Qc6 46.
Qe6+ Qxe6 47. Rxe6 Rd2 48. Rxb6 Rxc2 49. Rh6 Rxb2 50. Rxh7 Kd8 51. Kg2 Ke8 52.
Rh4 Kf7 53. Re4 Kg6 54. g4 Kg5 55. Kg3 Rb3+ 56. f3 Ra3 57. Re5+ Kf6 58. Rf5+ Kg6
59. Rb5 Ra1 60. Rb6+ Kf7 61. Kf4 Ra4+ 62. Kg3 Ra1 63. f4 Ra3+ 64. Kh4 Ra1 65.
Kg5 Ra2 66. f5 Ra3 67. Rb7+ Kf8 68. Kg6 Ra4 69. Rb8+ Ke7 70. f6+ Ke6 71. g5 Rf4
72. Re8+ Kd7 73. Re2 1-0

[Event "C'Chartres Blitz Men"]
[Site "Europe-Echecs INT"]
[Date "2020.06.13"]
[Round "14"]
[White "Firouzja, Alireza"]
[Black "Murzin, Volodar"]
[Result "0-1"]
[WhiteTitle "GM"]
[BlackTitle "IM"]
[WhiteElo "2728"]
[BlackElo "2465"]
[WhiteFideId "12573981"]
[BlackFideId "44155573"]
[EventDate "2020.06.13"]

1. d4 Nf6 2. Nf3 g6 3. b3 Bg7 4. Bb2 O-O 5. e3 d6 6. Be2 Nbd7 7. O-O e5 8. dxe5
Ng4 9. Qc1 dxe5 10. h3 Nh6 11. e4 f6 12. Rd1 Nf7 13. a4 Bh6 14. Nbd2 Re8 15. c3
c6 16. Qc2 Qc7 17. Nc4 Nb6 18. Ne3 Be6 19. Ng4 Bg7 20. a5 Nd7 21. b4 Rad8 22. c4
Nf8 23. c5 a6 24. Ne3 Rxd1+ 25. Rxd1 Rd8 26. Nd2 Bh6 27. Ndc4 Rxd1+ 28. Qxd1 Qd7
29. Qc2 Bxe3 30. Nxe3 Kg7 31. Qc3 Ng5 32. f3 Bxh3 33. gxh3 Qxh3 34. Ng4 Qg3+ 35.
Kf1 Nfe6 36. Bc1 h5 37. Nf2 Nd4 38. Bxg5 Qxg5 39. Bd1 h4 40. f4 Qxf4 41. Qh3 f5
42. exf5 gxf5 43. Kg2 e4 44. Qc3 Qe5 45. Qe3 Kg6 46. Nh3 Ne6 47. Bb3 f4 48. Qe1
Qb2+ 49. Kh1 Qxb3 50. Qxe4+ Kf6 51. Nxf4 Qd1+ 52. Kg2 Qg4+ 53. Kh1 Qxf4 54. Qh7
Ke5 55. Qxb7 Qf3+ 56. Kh2 h3 57. Qb8+ Kd4 58. Qd6+ Qd5 59. Kxh3 Qxd6 60. cxd6
Kd5 0-1